|
|
|
|
| LEADER |
01023nam a22001697a 4500 |
| 003 |
OSt |
| 999 |
|
|
|c 162842
|d 162842
|
| 082 |
|
|
|a IR KAU/AICRP/AR
|b 1987-88
|
| 245 |
|
|
|a Annual report 1987-88: I C A R Karumadi centre:
|b All India co-ordinated research project on agricultural drainage under actual farming conditions on watershed basis
|
| 260 |
|
|
|a Karumadi,Alleppey
|b AICRP on Agricultural Drainage
|
| 300 |
|
|
|a 135p.
|
| 546 |
|
|
|a English
|
| 942 |
|
|
|2 ddc
|c IR
|
| 952 |
|
|
|0 0
|1 0
|2 ddc
|4 0
|6 IR_KAU_AICRP_AR_198788
|7 0
|9 29956
|a KAUCLV
|b KAUCLV
|c IR
|d 2014-03-18
|o IR KAU/AICRP/AR 1987-88
|p 800923
|r 2014-03-18
|y IR
|
| 952 |
|
|
|0 0
|1 0
|2 ddc
|4 0
|6 IR_KAU_AICRP_AR_198788
|7 1
|8 IR
|9 161938
|a KAUCLV
|b KAUCLV
|c IR
|d 2018-12-05
|o IR KAU/AICRP/AR 1987-88
|p 206452
|r 2018-12-05
|y IR
|
| 952 |
|
|
|0 0
|1 0
|2 ddc
|4 0
|6 IR_KAU_AICRP_AR_198788
|7 1
|8 IR
|9 162077
|a KAUCLV
|b KAUCLV
|c IR
|d 2018-12-15
|o IR KAU/AICRP/AR 1987-88
|p 800565
|r 2018-12-15
|y IR
|
| 952 |
|
|
|0 0
|1 0
|2 ddc
|4 0
|6 IR_KAU_AICRP_AR_198788
|7 0
|8 IR
|9 200172
|a KAUCLV
|b KAUCLV
|c IR
|d 2019-10-22
|o IR KAU/AICRP/AR 1987-88
|p 207495
|r 2019-10-22
|y IR
|